00454nmm a2200145Ia 4500008004100000041000800041100003200049245007100081264004100152300001600193650002200209856005100231942000700282999001900289251105s9999||||xx |||||||||||||||||und|| aspa aGalera Cabañas, Andrés 0aHoy es Navidad :b Y Jesús nace en aquellos que son como niños a[Madrid, España] :bLantia, c2016 a0 páginas aSpanish narrative uhttps://public.digitaliapublishing.com/a/87566 cCF c105786d105786